| 000 | 00510nam a2200169Ia 4500 | ||
|---|---|---|---|
| 003 | GCL | ||
| 008 | 140319s9999 xx 000 0 eng d | ||
| 040 |
_aGCL / _cGCL |
||
| 082 | 0 | 4 |
_a005.4429 _bH M |
| 100 | 1 | _aHOUTEKAMER, GILBERT E. | |
| 245 | 1 | 0 |
_aMVS I\O SUBSYSTEMS: CONFIGURATION MANAGEMENT AND PERFORMANCE ANALYSIS / _cHOUTEKAMER, GILBERT E. |
| 700 | 1 | _aARTIS, H. P. | |
| 260 |
_a[S.N] : _bMC GRAW - HILL ، _c1993 |
||
| 300 | _a417 P | ||
| 650 | 0 | 4 | _aCOMPUTER INPUT - OUTPUT EQUIPMENT |
| 942 |
_2ddc _cBK |
||
| 999 |
_c21020 _d21020 |
||